| 000 | 01455nam a22001577a 4500 | ||
|---|---|---|---|
| 999 |
_c513895 _d513895 |
||
| 008 | 200916b ||||| |||| 00| 0 eng d | ||
| 100 |
_aMcCall, V., Satsangi, M., and Greasley-Adams, C. _917731 |
||
| 245 | _aThe legacy of the right to buy and the differentiation of older home owners | ||
| 260 | _aSocial Policy and Society | ||
| 300 | _a19(1), Jan 2020. p. 225-241 | ||
| 520 | _aThis article explores older owner occupiers in lower value properties who, having acquired their home through the Right to Buy (RTB) in the 1980s, are now experiencing housing-related challenges in older age. This article outlines the views and perceptions of older owner occupiers, social landlords, voluntary groups and housing organisations to explore the legacy of the RTB. Current and future policy challenges in the area include the differentiation of home owners, difficulties of selling property with low equity in older age and the relationship between health and housing. This article calls to widen the analysis of the long-term impact of the RTB to owner occupiers in lower value properties and notes that ‘ageing in place’ goes beyond looking at people’s current house to the linked housing choices available to them. We recommend that policy support be extended to older home owners to increase housing choice in older age.- Reproduced | ||
| 650 |
_aAged, Old aged _917732 |
||
| 773 | _aSocial Policy and Society | ||
| 906 | _aHOUSING | ||
| 942 | _cAR | ||